AAC Football Champions of the Century - Statistics

General Stats
  • This quiz has been taken 20 times
  • The average score is 8 of 12
Answer Stats
Year Champion % Correct
2022 Tulane
88%
2019 Memphis
81%
2018 UCF
81%
2017 UCF
81%
2021 Cincinnati
75%
2020 Cincinnati
75%
2014 Memphis/Cincinnati/UCF
75%
2013 UCF
75%
2015 Houston
63%
2024 Army
56%
2023 SMU
44%
2016 Temple
38%
No matching quizzes found
Score Distribution
Percent of People with Each Score
Percentile by Number Answered
Your Score History
You have not taken this quiz